Missing Word: 2014 Movie Titles Quiz Stats

Quiz Updated Jul 19, 2015

Challenge
Share
Tweet
Embed
Score 0/20 Timer 03:00
3 Plays Today
Movie Missing Word % Correct
Guardians of the ____Galaxy
90.4%
The Grand ____ HotelBudapest
86.8%
____ SniperAmerican
86.2%
The ____ in Our StarsFault
85.8%
The Theory of ____Everything
83.9%
____ Is Where I Leave YouThis
83.5%
X-Men: ____ of Future PastDays
68.4%
Big ____ 6Hero
67.8%
____ GirlGone
65.8%
Into the ____Woods
46.4%
Movie Missing Word % Correct
A Most Wanted ____Man
44.9%
The ____ Runner Maze
44.5%
____ AliceStill
35.8%
Inherent ____Vice
33.9%
A Most Violent ____Year
31.5%
The ____ Game Imitation
29.1%
____: Gods and KingsExodus
25.8%
The Best of ____Me
25.4%
Let's Be ____Cops
24.2%
____ and the Search for HappinessHector
8%

Today's Daily Dose

You're not logged in!

Compare scores with friends on all Sporcle quizzes.
Join for Free
OR
Log In

You Might Also Like...

Show Comments

Extras

Top Quizzes Today


Score Distribution

Your Account Isn't Verified!

In order to create a playlist on Sporcle, you need to verify the email address you used during registration. Go to your Sporcle Settings to finish the process.

Report this User

Report this user for behavior that violates our Community Guidelines.

Details: